01166nam a2200193Ia 4500001001100000003001000011008004100021040002500062041001400087100002400101245007900125250001100204260009200215300001200307500026000319501011400579520026000693650001900953L942-43407IT-CnALBA170116s9999||||xx |||||||||||||| ||und|| aIT-CnALBAcIT-CnALBA aFRANCESE  aBONAPARTE NAPOLEONE 0aCORRESPONDANCE MILITAIRE DE NAPOLEON PRIMIERE. TOME CINQUIEME. 1807-1808.  a1a ed. a PARISIISbPLON E. & SOCII, BIBLIOPOLAE c1876 [1° Ed.:1876 - Ed.Ling.Originale: 1876] a386 p.  aMUTILO DI ALCUNE PAGINE FRONTESPIZIO COMPRESO. LETTERE CLXII. TOMO V. CORRISPONDENZA MILITARE DI NAPOLEONE ESTRATTA DALLA CORRISPONDENZA GENERALE PUBBLICATA PER ORDINE DEL MINISTRO DELLA GUERRA. NOTA SULLA POSIZIONE DEL V CORPO NELLE DIVERSE OPERAZIONI. O aSocietà San Paolo EM - Piazza San Paolo, 14 - 12051 ALBA (CN) (non commercial uses only) ® Copyright 2017 aMUTILO DI ALCUNE PAGINE FRONTESPIZIO COMPRESO. LETTERE CLXII. TOMO V. CORRISPONDENZA MILITARE DI NAPOLEONE ESTRATTA DALLA CORRISPONDENZA GENERALE PUBBLICATA PER ORDINE DEL MINISTRO DELLA GUERRA. NOTA SULLA POSIZIONE DEL V CORPO NELLE DIVERSE OPERAZIONI. O aSTORIA MODERNA